000 00571nam a2200217Ia 4500
005 20230811161432.0
008 131103s9999 xx 000 0 und d
020 _aSBN 416081908
040 _aLoreto College
041 _aEnglish
082 _a920
_bKEN-BUC
100 _aBuck,Pearl S.
245 4 _aThe Kennedy women
_bA personal appraisal
_cPearl S.Buck
260 _aLondon
_bMethuen & Co.
_c1970
300 _a218 p.
_b illus.
630 _aUnited States - Biography
650 _aBiography
651 _aWomen - Biography
850 _aLCLIB
942 _cBK
999 _c12308
_d62787